Southville International School and Colleges
Your cart is empty.
  • Cart
  • Lists
    Public lists Eva Luna New books Lux_list list_1
    Your lists Log in to create your own lists
  • Log in to your account
  • Your cookies
  • Search history
Southville International School and Colleges
  • Advanced search
  • Recent comments
  • Most popular
  • Libraries

Log in to your account

Log in with GOOGLE


If you do not have an external account, but do have a local account, you can still log in:

  1. Home
  2. MARC view: Pearl Harbor :
Normal view MARC view ISBD view

Pearl Harbor : (Record no. 292453)

[ view plain ]
MARC details
000 -LEADER
fixed length control field 01025nam a2200289Ia 4500
008 - FIXED-LENGTH DATA ELEMENTS--GENERAL INFORMATION
fixed length control field 160319s9999 xx 000 0 und d
245 ## - TITLE STATEMENT
Title Pearl Harbor :
245 ## - TITLE STATEMENT
Remainder of title death of Arizona. Vietnam Pow : stories of survival /
245 ## - TITLE STATEMENT
Statement of responsibility, etc Discovery Channel.
260 ## - PUBLICATION, DISTRIBUTION, ETC. (IMPRINT)
Place of publication, distribution, etc United States of America :
260 ## - PUBLICATION, DISTRIBUTION, ETC. (IMPRINT)
Name of publisher, distributor, etc Discovery Communications, LLC,
260 ## - PUBLICATION, DISTRIBUTION, ETC. (IMPRINT)
Date of publication, distribution, etc 2011
300 ## - PHYSICAL DESCRIPTION
Extent 1 DVD-video (approximately 53 min.) :
300 ## - PHYSICAL DESCRIPTION
Other physical details digital, sound, color, with black and white sequences ;
300 ## - PHYSICAL DESCRIPTION
Dimensions 4 3/4 in.
500 ## - GENERAL NOTE
General note "Previous copyright date: ©1998"--Container.
650 ## - SUBJECT ADDED ENTRY--TOPICAL TERM
Topical term or geographic name as entry element Arizona (Battleship) --
650 ## - SUBJECT ADDED ENTRY--TOPICAL TERM
Topical term or geographic name as entry element Korean War, -- 1950-1953 --
650 ## - SUBJECT ADDED ENTRY--TOPICAL TERM
Topical term or geographic name as entry element Korean War, -- 1950-1953 --
650 ## - SUBJECT ADDED ENTRY--TOPICAL TERM
Topical term or geographic name as entry element Pearl Harbor (Hawaii), Attack on, 1941.
650 ## - SUBJECT ADDED ENTRY--TOPICAL TERM
Topical term or geographic name as entry element World War, -- 1939-1945.
650 ## - SUBJECT ADDED ENTRY--TOPICAL TERM
General subdivision History.
650 ## - SUBJECT ADDED ENTRY--TOPICAL TERM
General subdivision Personal narratives, American.
650 ## - SUBJECT ADDED ENTRY--TOPICAL TERM
General subdivision Personal narratives, Korean.
700 ## - ADDED ENTRY--PERSONAL NAME
Personal name Leonard, Brian., Author.
700 ## - ADDED ENTRY--PERSONAL NAME
Personal name Quattrone Kingstscene Productions., Corporate.
Holdings
Withdrawn status Lost status Damaged status Home library Current library Date acquired Total Checkouts Barcode Date last seen Price effective from Koha item type
      Stonyhurst Southville International School (Batangas) Stonyhurst Southville International School (Batangas) 03/19/2016   AV-056 03/19/2016 03/19/2016 Audio Visual Materials

Pearl Harbor :

APA

Leonard B. A., Quattrone Kingstscene Productions, .Pearl Harbor. United States of America: .

Chicago

Leonard Brian Author, Quattrone Kingstscene Productions, .Pearl Harbor. United States of America: .

Harvard

Leonard B. A., Quattrone Kingstscene Productions, .Pearl Harbor. United States of America: .

MLA

Leonard Brian Author, Quattrone Kingstscene Productions, .United States of America: . .

  • Place hold
  • Print
  • Cite
  • Add to your cart (remove)
  • Save record
    BIBTEX Dublin Core MARCXML MARC (non-Unicode/MARC-8) MARC (Unicode/UTF-8) MARC (Unicode/UTF-8, Standard) MODS (XML) RIS
  • More searches
    Search for this title in:
    Other Libraries (WorldCat) Other Databases (Google Scholar) Online Stores (Bookfinder.com) Open Library (openlibrary.org)

Exporting to Dublin Core...

SOUTHVILLE LIBRARY

Southville International School and Colleges Library

1281 Tropical Ave. Cor. Luxembourg St., BF Homes International, Las Pinas City

Tel. No. 8256374 / 252358 Loc. 117/146

Powered by Koha